书目信息 |
| 题名: |
大中型空间方案设计一体化项目教程
|
|
| 作者: | 殷文清 编著 | |
| 分册: | ||
| 出版信息: | 上海 上海交通大学出版社 2014 |
|
| 页数: | 113页 | |
| 开本: | 26cm | |
| 丛书名: | ||
| 单 册: | ||
| 中图分类: | TU238.2 | |
| 科图分类: | ||
| 主题词: | 室内装饰设计 , 室内装饰设计--教材 | |
| 电子资源: | ||
| ISBN: | 978-7-313-11324-5 | |
| 000 | 01041nam0 2200241 450 | |
| 001 | 141410 | |
| 005 | 20141106145321.79 | |
| 010 | @a978-7-313-11324-5@dCNY 45.00 | |
| 100 | @a20140818d2014 em y0chiy50 ea | |
| 101 | 0 | @achi |
| 102 | @aCN@b310000 | |
| 105 | @aa z 000yy | |
| 200 | 1 | @a大中型空间方案设计一体化项目教程@9da zhong xing kong jian fang an she ji yi ti hua xiang mu jiao cheng@b专著@f殷文清编著 |
| 210 | @a上海@c上海交通大学出版社@d2014 | |
| 215 | @a113页@c图@d26cm | |
| 300 | @a室内装饰设计工作过程一体化职业核心课程系列教材 | |
| 330 | @a本书阐述室内装饰设计专业必修的技术,基于室内设计师岗位工作任务分析设置项目课程,以香港马斯奇尼国际设计有限公司提供的深圳宝安好怡登酒店和广州思哲设计院有限公司提供的佛山味国厨房南海创鸿分店为案例,从而培养学生理论联系实践,充分体现教、学、做合一的理实一体化教学思想,提高写生的专业和职业的核心能力。 | |
| 606 | 0 | @a室内装饰设计 |
| 606 | 0 | @a室内装饰设计@j教材 |
| 690 | @aTU238.2@v5 | |
| 701 | 0 | @a殷文清@9yin wen qing@4编著 |
| 801 | 0 | @c20141106 |
| 905 | @a241430@dTU238.2@eY583 | |
| 大中型空间方案设计一体化项目教程/殷文清编著.-上海:上海交通大学出版社,2014 |
| 113页:图;26cm |
| 室内装饰设计工作过程一体化职业核心课程系列教材 |
| ISBN 978-7-313-11324-5:CNY 45.00 |
| 本书阐述室内装饰设计专业必修的技术,基于室内设计师岗位工作任务分析设置项目课程,以香港马斯奇尼国际设计有限公司提供的深圳宝安好怡登酒店和广州思哲设计院有限公司提供的佛山味国厨房南海创鸿分店为案例,从而培养学生理论联系实践,充分体现教、学、做合一的理实一体化教学思想,提高写生的专业和职业的核心能力。 |
| ● |
| 相关链接 |
|
|
|
正题名:大中型空间方案设计一体化项目教程
索取号:TU238.2/Y583
 
预约/预借
| 序号 | 登录号 | 条形码 | 馆藏地/架位号 | 状态 | 备注 |
| 1 | 0837846 | 208378469 | 建筑库101/101建筑库 56排2列5层/ [索取号:TU238.2/Y583] | 在馆 | |
| 2 | 0837847 | 208378478 | 建筑库101/101建筑库 56排2列5层/ [索取号:TU238.2/Y583] | 在馆 | |
| 3 | 0837848 | 208378487 | 建筑库101/101建筑库 56排2列5层/ [索取号:TU238.2/Y583] | 在馆 |